000 01387nam a22003617a 4500
001 000345
003 DO-SdBPM
005 20250827110716.0
007 ta
008 160704b2007 sp a |||| 00| 0 spa d
020 _a9788431632915
040 _aDO-SdBPM
_bspa
_cBPMSU
_erda
082 4 _a823.8
_bC743s 2007
_222
100 1 _aDoyle, Arthur Conan,
_d1859-1930.
_eautor
240 1 0 _aThe hound of the Baskervilles.
_lEspañol
245 1 0 _aEl sabueso de los Baskerville /
_cArthur Conan Doyle ; introducción y notas, Fernando González ; propuestas de trabajo, Fernando González, Rosemary Linnell ; traducción, J. Luis López Muñoz ; ilustración, Juan Ramón Alonso.
260 _c
_g
264 _aBarcelona :
_bVicens Vives,
_c2007
300 _axxxi, 219, 18 páginas :
_bilustraciones ;
_c20 cm.
336 _atexto
_btxt
_2rdacontent
337 _asin mediación
_bn
_2rdamedia
338 _avolumen
_bnc
_2rdacarrier
490 0 _aAula de literatura
_v13
590 _aInventariado, 2025/VM
650 7 _aNovela policíaca inglesa
650 7 _aEl sabueso de los Baskerville
_xHistoria y crítica.
700 1 _aGonzález, Fernando,
_eintroducción
700 1 _aLinnell, Rosemary
700 1 _aLópez Muñoz, J. Luis,
_etraductor
700 1 _aAlonso, Juan Ramón,
_eilustración
910 _aVMateo V. Control de calidad. BPMSU
942 _2ddc
_cBK
999 _c10669
_d10669